Perrsonnel administration: concept and comparative perspectives (Record no. 232594)

MARC details
000 -LEADER
fixed length control field 00381nam a2200145Ia 4500
008 - FIXED-LENGTH DATA ELEMENTS--GENERAL INFORMATION
fixed length control field 230917s9999||||xx |||||||||||||| ||und||
040 ## - CATALOGING SOURCE
-- 52090
Original cataloging agency VIVEKANANDA LIBRARY
041 ## - Language
-- English
082 ## - DDC NUMBER
Classification number 350.1 S64P
100 ## - MAIN ENTRY--PERSONAL NAME
Personal name Sinha, V M
245 #0 - TITLE STATEMENT
Title Perrsonnel administration: concept and comparative perspectives
260 ## - PUBLICATION, DISTRIBUTION, ETC. (IMPRINT)
Place of publication, distribution, etc Jaipur
Name of publisher, distributor, etc P B S A
Date of publication, distribution, etc 1986
300 ## - PHYSICAL DESCRIPTION
Pages xiv, 555 p.
942 ## - ADDED ENTRY ELEMENTS (KOHA)
Koha item type Books
Holdings
Withdrawn status Lost status Damaged status Not for loan Location (home branch) Sublocation or collection (holding branch) Date acquired Koha issues (times borrowed) Koha full call number Accession No. Koha date last seen Koha item type
        VIVEKANANDA LIBRARY VIVEKANANDA LIBRARY 13/12/2002 1 350.1 S64P BB3016 31/08/2024 Books
© Designed and Maintained by Vivekananda Library, MDU Rohtak